00843nam a2200217 a 4500001001300000003000900013005001700022008004100039020002300080082001300103100002200116245005100138260004400189300000900233500003500242505002300277505024000300650002300540650004000563700002200603nice12345678IN_TiNIC20260116013657.0050524s1996 lona grp 000 0 eng  a0191366 c79500a954bSAT aSathyamurthy, T V aSocial Change and Political Discource in India aLondan bOxford University Press c1996 a602p aincludes index and biblioraphy2 aBibl, Notes, Index2 aBibl, Notes, Index00gV1.tState and Nation in the Context of Social Change.--gV1C1.tState and Nation I9n the Context of Social Change.--gV2.tIndustry and Agriculture in India Since Independen.--gV3.tRegion, Religion, Caste, Gend aIndia-Contemporary aDeveloment-Sociology Economic India1 aSathyamurthy, T V